El método de proyectos
Gespeichert in:
| 1. Verfasser: | |
|---|---|
| Format: | Buch |
| Sprache: | Spanisch |
| Veröffentlicht: |
Madrid
Revista de Pedagogía
1928
|
| Schriftenreihe: | La Nueva Educación, 3
|
| Schlagworte: | |
| Tags: |
Tag hinzufügen
Keine Tags, Fügen Sie den ersten Tag hinzu!
|
MARC
| LEADER | 00000nam a2200000 a 4500 | ||
|---|---|---|---|
| 001 | UCY8642 | ||
| 003 | CL-VaPUC | ||
| 008 | 950703e19280000SP |||||||||||||||||spa|d | ||
| 082 | 0 | 4 | |a 371.3 |b SAI |2 21 |
| 100 | 0 | |a Sáinz, Fernando |e author |9 340222 | |
| 245 | 1 | 3 | |a El método de proyectos |
| 300 | |a 110 p | ||
| 942 | |c BK | ||
| 945 | |d 19950703 00:00:00 |a lriquelm | ||
| 260 | |a Madrid |b Revista de Pedagogía |c 1928 | ||
| 650 | 0 | |a Métodos de enseñanza |9 270413 | |
| 650 | 7 | |a PROYECTOS EDUCACIONALES |2 CL-VaPUC |9 340223 | |
| 650 | 0 | |a Métodos de investigación |9 262618 | |
| 583 | |a last modification |c 20120902 08:53:15 |k Rodrigo Vera | ||
| 490 | 0 | |a La Nueva Educación, 3 | |
| 999 | |c 235870 |d 235868 | ||
| 952 | |0 0 |1 0 |4 0 |6 371_300000000000000_SAI_1928 |7 0 |8 P |9 243558 |a BIBEDU |b BIBEDU |c BIBEDU_PB |d 2019-11-18 |i 1527118 |o 371.3 SAI 1928 |p 1527118 |r 2024-01-25 |w 2019-11-18 |y BK |k EDU | ||